| 000 | 00526nam a2200217Ia 4500 | ||
|---|---|---|---|
| 003 | OSt | ||
| 005 | 20140312151230.0 | ||
| 008 | 140130s9999 xx 000 0 und d | ||
| 020 | _a0590480324 | ||
| 050 |
_aE 185.96 _b.H78 2003 |
||
| 100 |
_aHudson, Wade _924425 |
||
| 245 |
_aFive brave explorers / _cHudson, Wade |
||
| 260 |
_bScholastic, _c1995. _aNew York : |
||
| 300 |
_a48 p. : _bill. ; _c24 cm. |
||
| 440 |
_v1 _931174 |
||
| 521 | _aG3 | ||
| 526 | _c570 | ||
| 942 |
_cBK _2lcc |
||
| 999 |
_c40678 _d40678 |
||